Development as Freedom.
Salvato in:
| Autore principale: | |
|---|---|
| Natura: | Sconosciuto |
| Pubblicazione: |
New York, USA:
Anchor Book, a Division of Random House, Inc.,
2000.
|
| Edizione: | First Anchor Books Edition. |
| Soggetti: | |
| Tags: |
Aggiungi Tag
Nessun Tag, puoi essere il primo ad aggiungerne!!
|
MARC
| LEADER | 00000 a2200000 4500 | ||
|---|---|---|---|
| 003 | CL-VaPUC | ||
| 005 | 20240503082523.0 | ||
| 008 | 220914t2000 ||||| |||| 00| 0 eng d | ||
| 999 | |c 438397 |d 438395 | ||
| 020 | |a 9780385720274 | ||
| 040 | |c Pontificia Universidad Católica de Valparaíso | ||
| 082 | 7 | |a 330.01 SEN 2000 |2 22 | |
| 100 | |a Sen, Amartya |e autor |9 296954 | ||
| 245 | |a Development as Freedom. | ||
| 250 | |a First Anchor Books Edition. | ||
| 260 | |a New York, USA: |b Anchor Book, a Division of Random House, Inc., |c 2000. | ||
| 300 | |a 366 páginas. | ||
| 583 | |k Cristina María Rojas Aguilar |c 20220914 | ||
| 650 | 0 | |a Desarrollo económico |9 259599 | |
| 650 | 0 | |a Filosofía de las ciencias sociales |9 268057 | |
| 650 | 0 | |a Libertad |9 255686 | |
| 942 | |2 ddc |c BK | ||
| 952 | |0 0 |1 0 |2 ddc |4 0 |6 330_010000000000000_SEN_2000 |7 0 |8 A |9 586667 |a BIBCUR |b BIBCUR |c GEN |d 2022-09-12 |e 74 |g 22696.00 |i 5654638 |o 330.01 SEN 2000 |p 5654638 |r 2025-04-22 |t 4 |v 22696.00 |w 2022-09-12 |y BK |k MGR | ||
| 952 | |0 0 |1 0 |2 ddc |4 0 |6 330_010000000000000_SEN_2000 |7 0 |8 A |9 586668 |a BIBCUR |b BIBCUR |c GEN |d 2022-09-12 |e 74 |g 22696.00 |i 5654637 |o 330.01 SEN 2000 |p 5654637 |r 2025-04-22 |t 3 |v 22696.00 |w 2022-09-12 |y BK |k MGR | ||
| 952 | |0 0 |1 0 |2 ddc |4 0 |6 330_010000000000000_SEN_2000 |7 0 |8 A |9 586669 |a BIBCUR |b BIBCUR |c GEN |d 2022-09-12 |e 74 |g 22696.00 |i 5654635 |l 1 |o 330.01 SEN 2000 |p 5654635 |r 2025-04-22 |s 2022-09-29 |t 1 |v 22696.00 |w 2022-09-12 |y BK |k MGR | ||
| 952 | |0 0 |1 0 |2 ddc |4 0 |6 330_010000000000000_SEN_2000 |7 0 |8 A |9 586670 |a BIBCUR |b BIBCUR |c GEN |d 2022-09-12 |e 74 |g 22696.00 |i 5654636 |o 330.01 SEN 2000 |p 5654636 |r 2025-04-22 |t 2 |v 22696.00 |w 2022-09-12 |y BK |k MGR | ||